000 00302nam a22001337a 4500
008 170616b xxu||||| |||| 00| 0 eng d
020 _a9780534214449
041 _aeng
080 _a94(7/8)
100 _a20
101 _aSHP
245 _aORIGINS AND DESTINIES
_cPERDRANZA.S
942 _2udc
_cBK
999 _c17699
_d17699